The Oxfam gender training manual / (Record no. 19068)
[ view plain ]
| 000 -LEADER | |
|---|---|
| fixed length control field | 00474nam a2200193Ia 4500 |
| 040 ## - CATALOGING SOURCE | |
| Transcribing agency | OSU |
| 082 ## - DEWEY DECIMAL CLASSIFICATION NUMBER | |
| Classification number | 305 OXF 1994 C160 Or. |
| 100 1# - MAIN ENTRY--AUTHOR NAME | |
| Personal name | Williams, Suzanne |
| 245 14 - TITLE STATEMENT | |
| Title | The Oxfam gender training manual / |
| 260 ## - PUBLICATION, DISTRIBUTION, ETC. (IMPRINT) | |
| Place of publication | Oxford : |
| Name of publisher | Oxfam, |
| Year of publication | 1994 |
| 300 ## - PHYSICAL DESCRIPTION | |
| Number of Pages | xiv, 634 p. : |
| Other physical details | ill. ; |
| Dimensions | 30 cm |
| 650 #0 - SUBJECT ADDED ENTRY--TOPICAL TERM | |
| Topical Term | Sex role |
| 650 #0 - SUBJECT ADDED ENTRY--TOPICAL TERM | |
| Topical Term | Women in development |
| 650 #0 - SUBJECT ADDED ENTRY--TOPICAL TERM | |
| Topical Term | Social role |
| 700 1# - ADDED ENTRY--PERSONAL NAME | |
| Personal name | Seed, Janet |
| 700 1# - ADDED ENTRY--PERSONAL NAME | |
| Personal name | Mwau, Adelina |
| 710 2# - ADDED ENTRY--CORPORATE NAME | |
| Corporate name or jurisdiction name as entry element | Oxfam |
| 942 ## - ADDED ENTRY ELEMENTS (KOHA) | |
| Koha item type | ADB |
| 952 ## - LOCATION AND ITEM INFORMATION (KOHA) | |
| Withdrawn status [LOCAL, KOHA] | 0 |
| Koha item type | Source of acquisition | Lost status | Permanent Location | Current Location | Date acquired | Full call number |
|---|---|---|---|---|---|---|
| សៀវភៅភាសាអង់គ្លេស | A38979 | Library Block C | Library Block C | 2020-03-06 | 305 OXF 1994 C160 Or. |